000 00591nam a2200181 i 4500
001 bg
003 KOSZ 005
005 20171209111226.0
008 s pl f |000 0 pol
040 _cBPK
041 _apol
080 _a669(03)
100 1 _aCLASON, W. E.
245 0 _aElsevier's dictionary of metallurgy in sixth langues :
_bEnglish, American, French, Spanish, Italian, Dutch an German /
_cW.E. Clason.
260 _aAmsterdam,
_c1967.
856 _uhttp://koha.tu.koszalin.pl/cgi-bin/koha/opac-detail.pl?biblionumber=12875
_yKatalog online BPK
942 _cKS
_2UKD
999 _c12875
_d12875